000 00474nmm a2200169Ia 4500
008 251105s9999||||xx |||||||||||||||||und||
020 _a9788416023998
041 _aspa
100 _adel Río, Isabel
245 0 _aLa vidente de la luna llena
264 _a[Madrid, España] :
_bKailas Editorial,
_c2016
300 _a224 páginas
490 _aKailas Ficción
650 _aSpanish narrative
856 _uhttps://public.digitaliapublishing.com/a/87240
942 _cCF
999 _c77199
_d77199